| 000 -LEADER |
| fixed length control field |
00680nam a2200229Ia 4500 |
| 001 - CONTROL NUMBER |
| control field |
16562 |
| 003 - CONTROL NUMBER IDENTIFIER |
| control field |
GE_BSU |
| 005 - DATE AND TIME OF LATEST TRANSACTION |
| control field |
20221122123124.0 |
| 008 - FIXED-LENGTH DATA ELEMENTS--GENERAL INFORMATION |
| fixed length control field |
181216s 2014enk|||||||||||||| ||eng|| |
| 020 ## - INTERNATIONAL STANDARD BOOK NUMBER |
| International Standard Book Number |
9781292024912x |
| 040 ## - CATALOGING SOURCE |
| Transcribing agency |
GE_BSU |
| 082 ## - DEWEY DECIMAL CLASSIFICATION NUMBER |
| Edition number |
371 O-75 |
| 100 ## - MAIN ENTRY--PERSONAL NAME |
| Personal name |
Ormrod, Mcdevitt |
| 9 (RLIN) |
6622 |
| 245 ## - TITLE STATEMENT |
| Title |
Child Development and Education / |
| Statement of responsibility, etc. |
Mcdevitt Ormrod. |
| 250 ## - EDITION STATEMENT |
| Edition statement |
First edition |
| 260 ## - PUBLICATION, DISTRIBUTION, ETC. |
| Place of publication, distribution, etc. |
Edinburgh |
| 264 ## - PRODUCTION, PUBLICATION, DISTRIBUTION, MANUFACTURE, AND COPYRIGHT NOTICE |
| Place of production, publication, distribution, manufacture |
Edinburgh : |
| Name of producer, publisher, distributor, manufacturer |
PEARSON, |
| Date of production, publication, distribution, manufacture, or copyright notice |
2014. |
| 300 ## - PHYSICAL DESCRIPTION |
| Extent |
760 p.; |
| Other physical details |
ill ; |
| Dimensions |
27 cm. |
| 653 ## - INDEX TERM--UNCONTROLLED |
| keyword |
ბავშვის განვითარება და განათლება |
| 653 ## - INDEX TERM--UNCONTROLLED |
| keyword |
პედაგოგიკა |
| 942 ## - ADDED ENTRY ELEMENTS (KOHA) |
| Koha item type |
წიგნი |
| Source of classification or shelving scheme |
|